States vs. Countries Quiz Stats

 Plays Quiz Updated Aug 29, 2019

Score 0/50 Timer 05:00
0 Plays Today
State S or C? % Correct
Washington???
72.9%
Arizona???
72.5%
Alaska???
71.9%
South Carolina???
70.2%
Virginia???
69.2%
Wisconsin???
68.9%
New Jersey???
67.1%
Hawaii???
66.1%
Oregon???
63%
Idaho???
62.7%
Florida???
62.6%
Nevada???
62.4%
Vermont???
62.3%
Georgia???
60.3%
Montana???
59.9%
Mississippi???
59.9%
Oklahoma???
59.5%
Maryland???
59.5%
Ohio???
58.8%
Iowa???
58.8%
Illinois???
58.5%
California???
57.9%
Minnesota???
57.9%
Pennsylvania???
57.6%
Delaware???
57%
State S or C? % Correct
Connecticut???
56.8%
Maine???
56.7%
Nebraska???
55.1%
New York???
53.4%
West Virginia???
53%
Louisiana???
52.5%
North Carolina???
52.2%
Wyoming???
52%
Arkansas???
51.4%
Missouri???
49.9%
Michigan???
48.7%
New Hampshire???
48.4%
Massachusetts???
47.5%
Indiana???
46.5%
Colorado???
44.9%
Rhode Island???
39.9%
Kentucky???
39.6%
South Dakota???
37.9%
Kansas???
33.5%
Tennessee???
33.3%
Alabama???
30.4%
North Dakota???
28.7%
New Mexico???
28.1%
Texas???
22.7%
Utah???
19%

You're not logged in!

Compare scores with friends on all Sporcle quizzes.
OR
Log In

Show Comments

Extras

Top Quizzes Today


Score Distribution

Your Account Isn't Verified!

In order to create a playlist on Sporcle, you need to verify the email address you used during registration. Go to your Sporcle Settings to finish the process.

Report this User

Report this user for behavior that violates our Community Guidelines.

Details: